| 000 | 00578cam a2200193 4500500 | ||
|---|---|---|---|
| 005 | 20260405001730.0 | ||
| 041 | _afre | ||
| 042 | _adc | ||
| 100 | 1 | 0 |
_aRusch, Pierre _eauthor |
| 245 | 0 | 0 | _aDu ciel à la terre. La Chine et l’Occident |
| 260 | _c2014. | ||
| 500 | _a58 | ||
| 690 | _aChine | ||
| 690 | _aOccident | ||
| 690 | _aRégis Debray | ||
| 690 | _aZhao Tingyang | ||
| 786 | 0 | _nPhilosophie magazine | 78 | 4 | 2014-04-01 | p. 68-68 | 1951-1787 | |
| 856 | 4 | 1 | _uhttps://shs.cairn.info/magazine-philosophie-magazine-2014-4-page-68?lang=fr&redirect-ssocas=7080 |
| 999 |
_c2050526 _d2050526 |
||